Assert yourself (Record no. 5078)

MARC details
000 -CABECERA
campo de control de longitud fija 02171cam a2200313Ii 4500
001 - NÚMERO DE CONTROL
campo de control 991107267040506196
005 - FECHA Y HORA DE LA ÚLTIMA TRANSACCIÓN
campo de control 20251022142534.0
008 - DATOS DE LONGITUD FIJA--INFORMACIÓN GENERAL
campo de control de longitud fija 211024t20222022enka b 001 0 eng d
020 ## - NÚMERO INTERNACIONAL ESTÁNDAR DEL LIBRO
Número Internacional Estándar del Libro 9781399402330
035 ## - NÚMERO DE CONTROL DEL SISTEMA
Número de control de sistema (OCoLC)1280276746
Número de control cancelado/no válido (OCoLC)1280197591
035 ## - NÚMERO DE CONTROL DEL SISTEMA
Número de control de sistema (OCoLC)on1280276746
040 ## - FUENTE DE LA CATALOGACIÓN
Centro catalogador/agencia de origen YDX
Lengua de catalogación eng
Normas de descripción rda
Centro/agencia transcriptor YDX
Centro/agencia modificador BDX
-- UKMGB
-- OCLCF
-- NYP
-- NZAUC
-- DCK
-- CaOTUIR
041 ## - CÓDIGO DE LENGUA
Código de lengua del texto/banda sonora o título independiente eng
050 #4 - SIGNATURA TOPOGRÁFICA DE LA BIBLIOTECA DEL CONGRESO
Número de clasificación BF575.A85
Número de documento/Ítem A876 2022
110 ## - ENTRADA PRINCIPAL--NOMBRE DE ENTIDAD CORPORATIVA
Nombre de entidad corporativa o nombre de jurisdicción como elemento de entrada Bloomsbury (Firm)
Término indicativo de función/relación publisher
9 (RLIN) 26264
245 00 - MENCIÓN DE TÍTULO
Título Assert yourself
Resto del título : how to find your voice and make your mark.
250 ## - MENCIÓN DE EDICIÓN
Mención de edición Revised and updated edition.
260 ## - PUBLICACIÓN, DISTRIBUCIÓN, ETC.
Lugar de publicación, distribución, etc. London :
Nombre del editor, distribuidor, etc. Bloomsbury Business,
Fecha de publicación, distribución, etc. 2022.
300 ## - DESCRIPCIÓN FÍSICA
Extensión 95 pages :
Otras características físicas illustrations ;
Dimensiones 18 cm
490 ## - MENCIÓN DE SERIE
Mención de serie Business essentials
500 ## - NOTA GENERAL
Nota general "First published in Great Britain in 2009 by Bloomsbury Publishing Plc"--Title page verso
504 ## - NOTA DE BIBLIOGRAFÍA, ETC.
Nota de bibliografía, etc. Includes bibliographical references (pages 93-94) and index
505 0# - NOTA DE CONTENIDO CON FORMATO
Nota de contenido con formato How assertive are you? — 1. Communicating assertively at work — 2. Developing presence — 3. Building confidence at work — 4. Managing others' perceptions — 5. Using non-verbal communication — 6. Dealing with stressful relationships and bullying — 7. Improving leadership skills — 8. Negotiating the pay rise you deserve — Where to find more help — Index.
520 ## - SUMARIO, ETC.
Sumario, etc. The essential guide to making your voice heard and having your efforts recognised. Do you find it hard to say 'no'? Are you tongue-tied in important meetings? Bored of 'mansplaining' when you know that you're the best qualified person on a particular topic? Understanding the difference between being assertive and being aggressive can be a crucial lesson on your career journey, and Assert Yourself can help you find your voice and stand up for yourself. Full of practical advice on how to change the way you work and live for the better, the book contains a self-assessment quiz, step-by-step guidance, top tips, common mistakes and advice on how to avoid them, and summaries of key points.
650 #0 - PUNTO DE ACCESO ADICIONAL DE MATERIA--TÉRMINO DE MATERIA
Término de materia o nombre geográfico como elemento de entrada Self-confidence
9 (RLIN) 8845
650 #0 - PUNTO DE ACCESO ADICIONAL DE MATERIA--TÉRMINO DE MATERIA
Término de materia o nombre geográfico como elemento de entrada Success in business
9 (RLIN) 1506
650 #0 - PUNTO DE ACCESO ADICIONAL DE MATERIA--TÉRMINO DE MATERIA
Término de materia o nombre geográfico como elemento de entrada Assertiveness (Psychology)
9 (RLIN) 25973
942 ## - ELEMENTOS DE ENTRADA AGREGADA (KOHA)
Fuente del sistema de clasificación o colocación Clasificación de Library of Congress
Holdings
Estado de retiro Estado de pérdida Fuente del sistema de clasificación o colocación Estado dañado No para préstamo Biblioteca de origen Biblioteca actual Fecha de adquisición Total de préstamos Signatura topográfica completa Código de barras Fecha visto por última vez Fecha del último préstamo Número de copia Precio válido a partir de Tipo de ítem Koha
    Clasificación de Library of Congress     TBS Barcelona TBS Barcelona 22/10/2025 1 BF575.A85 BLO B05717 17/11/2025 29/10/2025 1 22/10/2025 Book

Powered by Koha